[Event "North Island-ch"]
[Site "Wellington"]
[Date "2021.04.03"]
[Round "3"]
[White "Wastney, Scott C"]
[Black "Johnson, Quentin JF"]
[Result "1-0"]
[WhiteElo "2306"]
[BlackElo "1975"]
[PlyCount "59"]
[EventDate "2021.04.02"]
[EventType "swiss"]
[EventRounds "8"]
[EventCountry "NZL"]
[SourceTitle "EXT 2024"]
[Source "ChessBase"]
[SourceDate "2023.10.10"]
[SourceVersion "1"]
[SourceVersionDate "2023.10.10"]
[SourceQuality "1"]

1. e4 c5 2. Nf3 e6 3. g3 d5 4. exd5 exd5 5. d4 Nf6 6. Bg2 Nc6 7. Nc3 cxd4 8. Nxd4 Bb4 9. 0-0 0-0 10. Nde2 Bg4 11. h3 Bxc3 12. hxg4 Be5 13. g5 Ne4 14. c4 Ne7 15. cxd5 Nc5 16. Be3 Rc8 17. Rc1 b6 18. b4 Nb7 19. Qd2 Nf5 20. Bf4 Qe7 21. Bxe5 Qxe5 22. Qf4 Qxe2 23. Qxf5 Rxc1 24. Rxc1 Rd8 25. Rc7 Nd6 26. Qf4 Kf8 27. Rxa7 b5 28. g6 hxg6 29. Qh4 Qd1+ 30. Bf1 1-0

[Event "Online Olym Div3 A"]
[Site "Chess.com INT"]
[Date "2020.08.08"]
[Round "6.2"]
[White "Tran, Thanh Tu"]
[Black "Wastney, Scott C"]
[Result "1-0"]
[WhiteElo "2346"]
[BlackElo "2306"]
[PlyCount "67"]
[EventDate "2020.08.07"]
[EventType "team-tourn (rapid)"]
[EventRounds "9"]
[EventCountry "USA"]
[SourceTitle "CBM 198"]
[Source "ChessBase"]
[SourceDate "2020.10.31"]
[SourceVersion "1"]
[SourceVersionDate "2020.10.31"]
[SourceQuality "1"]
[WhiteTeam "Japan"]
[BlackTeam "New Zealand"]
[WhiteTeamCountry "JPN"]
[BlackTeamCountry "NZL"]

1. Nf3 d5 2. d4 Nf6 3. e3 c5 4. b3 cxd4 5. exd4 Nc6 6. Bb2 Bg4 7. Nbd2 e6 8. Bd3 Bd6 9. 0-0 Qc7 10. h3 Bh5 11. c4 0-0 12. a3 Bf4 13. Qc2 Bg6 14. Rfe1 Rfd8 15. c5 a5 16. Bc3 b6 17. Bxg6 hxg6 18. b4 axb4 19. axb4 Rxa1 20. Rxa1 bxc5 21. bxc5 e5 22. dxe5 Nxe5 23. Nxe5 Bxe5 24. Bxe5 Qxe5 25. Rc1 Ne4 26. Nf3 Qf4 27. c6 Rc8 28. Rd1 Nf6 29. Nd4 Qd6 30. Qa4 Qc7 31. Qa6 Rb8 32. g3 Qb6 33. Qxb6 Rxb6 34. c7 1-0

[Event "Online Olym Div3 A"]
[Site "Chess.com INT"]
[Date "2020.08.08"]
[Round "5.5"]
[White "Wastney, Scott C"]
[Black "Kwon, Sehyun"]
[Result "0-1"]
[WhiteElo "2306"]
[BlackElo "2194"]
[PlyCount "156"]
[EventDate "2020.08.07"]
[EventType "team-tourn (rapid)"]
[EventRounds "9"]
[EventCountry "USA"]
[SourceTitle "CBM 198"]
[Source "ChessBase"]
[SourceDate "2020.10.31"]
[SourceVersion "1"]
[SourceVersionDate "2020.10.31"]
[SourceQuality "1"]
[WhiteTeam "New Zealand"]
[BlackTeam "South Korea"]
[WhiteTeamCountry "NZL"]
[BlackTeamCountry "KOR"]

1. e4 c6 2. Nc3 d5 3. Nf3 Bg4 4. d4 Nf6 5. h3 dxe4 6. hxg4 exf3 7. gxf3 e6 8. Be3 Bb4 9. a3 Ba5 10. b4 Bc7 11. g5 Nd5 12. Nxd5 cxd5 13. c4 dxc4 14. Bxc4 Nc6 15. d5 exd5 16. Qxd5 Qxd5 17. Bxd5 0-0 18. Rc1 Rfe8 19. Rxc6 Rxe3+ 20. fxe3 bxc6 21. Bxc6 Rc8 22. Ke2 Bd8 23. Be4 Bxg5 24. Bxh7+ Kf8 25. Bd3 Rc3 26. a4 Ra3 27. Rh8+ Ke7 28. f4 Bf6 29. a5 Bc3 30. Rb8 Ra4 31. Rb7+ Kf6 32. Rxa7 Bxb4 33. a6 Ra2+ 34. Kf3 Ra3 35. Ke4 Ra4 36. Kd5 Ra5+ 37. Ke4 Ra4 38. Kf3 Ra3 39. Bc4 Rxe3+ 40. Kg4 Be7 41. Bd5 Ra3 42. Bc4 Ra4 43. Bd5 g5 44. Kf3 Rxf4+ 45. Ke2 Ra4 46. Bc6 Ra5 47. Be4 Bc5 48. Ra8 Ke5 49. Bd3 g4 50. Rb8 Ra2+ 51. Ke1 Bf2+ 52. Kf1 Bc5 53. Re8+ Kd4 54. Be2 f5 55. Rg8 Ke3 56. Bxg4 fxg4 57. Rxg4 Rxa6 58. Rg8 Ra2 59. Rg3+ Ke4 60. Rg7 Be3 61. Re7+ Kf3 62. Rf7+ Bf4 63. Re7 Rh2 64. Rg7 Be5 65. Rf7+ Ke3 66. Re7 Kf4 67. Rf7+ Ke4 68. Re7 Ra2 69. Rf7 Bf4 70. Rf8 Be3 71. Re8+ Kd3 72. Rd8+ Bd4 73. Re8 Rf2+ 74. Ke1 Rg2 75. Rf8 Rg1+ 76. Rf1 Rg2 77. Rf3+ Be3 78. Rf1 Rc2 0-1

[Event "South Island-ch"]
[Site "Hanmer Springs"]
[Date "2019.10.07"]
[Round "4"]
[White "Wastney, Scott C"]
[Black "Duneas, John"]
[Result "0-1"]
[WhiteElo "2287"]
[BlackElo "2115"]
[PlyCount "50"]
[EventDate "2019.10.05"]
[EventType "swiss"]
[EventRounds "9"]
[EventCountry "NZL"]
[SourceTitle "EXT 2023"]
[Source "ChessBase"]
[SourceDate "2022.10.05"]
[SourceVersion "1"]
[SourceVersionDate "2022.10.05"]
[SourceQuality "1"]

1. e4 e6 2. d4 d5 3. Nd2 Nf6 4. e5 Nfd7 5. Bd3 c5 6. c3 Nc6 7. Ne2 cxd4 8. cxd4 f6 9. exf6 Nxf6 10. 0-0 Bd6 11. Nf3 Qc7 12. Nc3 a6 13. Bd2 0-0 14. Rc1 g6 15. Bh6 Re8 16. h3 Bf4 17. Bxf4 Qxf4 18. Bc2 Nh5 19. Ba4 Bd7 20. Bxc6 Bxc6 21. Ne5 Rac8 22. a4 Rf8 23. b4 Be8 24. g3 Nxg3 25. Nd3 Qxd4 0-1

[Event "North Island-ch"]
[Site "Wellington"]
[Date "2019.04.22"]
[Round "7"]
[White "Nijman, Brian"]
[Black "Wastney, Scott C"]
[Result "0-1"]
[WhiteElo "1963"]
[BlackElo "2277"]
[PlyCount "108"]
[EventDate "2019.04.19"]
[EventType "swiss"]
[EventRounds "8"]
[EventCountry "NZL"]
[SourceTitle "EXT 2020"]
[Source "ChessBase"]
[SourceDate "2019.10.17"]
[SourceVersion "1"]
[SourceVersionDate "2019.10.17"]
[SourceQuality "1"]

1. d4 d5 2. Nf3 Nf6 3. e3 c5 4. b3 Nc6 5. Bb2 e6 6. Nbd2 Bd6 7. Bd3 Qc7 8. a3 0-0 9. 0-0 e5 10. dxe5 Nxe5 11. Nxe5 Bxe5 12. Bxe5 Qxe5 13. b4 Bg4 14. Nf3 Bxf3 15. Qxf3 c4 16. Be2 Qc3 17. Rfc1 b5 18. a4 Qxb4 19. c3 Qa5 20. axb5 Qxb5 21. Rcb1 Qc5 22. Qf5 Qc8 23. Qc2 Qc7 24. Bf3 Rab8 25. Rd1 Qc5 26. h3 Rb3 27. Ra6 Rfb8 28. Rd4 R3b6 29. Rxb6 Rxb6 30. Qd2 Rb1+ 31. Kh2 Qc7+ 32. g3 Qb6 33. Kg2 Rb2 34. Qd1 h6 35. Bxd5 Nxd5 36. Rxd5 Qxe3 37. Rd8+ Kh7 38. Qf3 Qxf3+ 39. Kxf3 Rc2 40. Rd7 Rxc3+ 41. Ke2 Rc2+ 42. Ke3 Ra2 43. Rxf7 c3 44. Rc7 c2 45. f3 Kg6 46. Rc5 Kf6 47. Kd2 c1Q+ 48. Kxc1 Ra3 49. Rc6+ Kf7 50. g4 Rxf3 51. Rc7+ Kf6 52. g5+ hxg5 53. Rxa7 Rxh3 54. Ra5 Rd3 0-1

[Event "Oceania zt 3.6"]
[Site "Auckland"]
[Date "2017.01.15"]
[Round "2"]
[White "Wastney, Scott C"]
[Black "Ng, Clive"]
[Result "1-0"]
[WhiteElo "2350"]
[BlackElo "1997"]
[PlyCount "59"]
[EventDate "2017.01.14"]
[EventType "swiss"]
[EventRounds "9"]
[EventCountry "NZL"]
[SourceTitle "CBM 176 Extra"]
[Source "ChessBase"]
[SourceDate "2017.03.02"]
[SourceVersion "1"]
[SourceVersionDate "2017.03.02"]
[SourceQuality "1"]

1. e4 c5 2. Nf3 Nc6 3. d4 cxd4 4. Nxd4 Nf6 5. Nc3 e5 6. Ndb5 d6 7. Bg5 a6 8. Na3 b5 9. Nd5 Be7 10. Bxf6 Bxf6 11. c4 b4 12. Nc2 0-0 13. Be2 a5 14. 0-0 Bg5 15. Qd3 Be6 16. Rad1 Ne7 17. Nde3 Nc8 18. Nf5 Bxf5 19. exf5 Qf6 20. Bf3 Rb8 21. b3 Qh6 22. Be4 Bd8 23. Ne3 Bb6 24. Nd5 Bc5 25. Qe2 f6 26. Rd3 g5 27. Nc7 Nb6 28. Ne6 g4 29. Qxg4+ Kh8 30. Rh3 1-0

[Event "NZL-ch op 124th"]
[Site "Wellington"]
[Date "2017.01.09"]
[Round "9"]
[White "Forster, William"]
[Black "Wastney, Scott C"]
[Result "0-1"]
[WhiteElo "1963"]
[BlackElo "2350"]
[PlyCount "50"]
[EventDate "2017.01.01"]
[EventType "swiss"]
[EventRounds "9"]
[EventCountry "NZL"]
[SourceTitle "EXT 2018"]
[Source "ChessBase"]
[SourceDate "2017.10.13"]
[SourceVersion "1"]
[SourceVersionDate "2017.10.13"]
[SourceQuality "1"]

1. d4 f5 2. Nc3 Nf6 3. Bg5 d5 4. Bxf6 exf6 5. e3 Be6 6. Nge2 Qd7 7. Nf4 Bf7 8. a3 Nc6 9. Bb5 a6 10. Ba4 b5 11. Bb3 Ne7 12. Qf3 c6 13. Nd3 Nc8 14. 0-0 Nd6 15. Nc5 Qc8 16. Qg3 Nb7 17. Nxb7 Qxb7 18. a4 b4 19. Ne2 a5 20. Rfd1 Qb8 21. f4 g6 22. Rab1 Ra6 23. Ba2 Be7 24. Qe1 0-0 25. c4 b3 0-1

[Event "Wellington CC-chA"]
[Site "Wellington"]
[Date "2016.10.27"]
[Round "8"]
[White "Wastney, Scott C"]
[Black "Timergazi, Layla"]
[Result "1-0"]
[WhiteElo "2345"]
[BlackElo "2018"]
[PlyCount "77"]
[EventDate "2016.09.08"]
[EventType "tourn"]
[EventRounds "9"]
[EventCountry "NZL"]
[SourceTitle "EXT 2018"]
[Source "ChessBase"]
[SourceDate "2017.10.13"]
[SourceVersion "1"]
[SourceVersionDate "2017.10.13"]
[SourceQuality "1"]

1. e4 c6 2. d4 d5 3. e5 c5 4. dxc5 e6 5. a3 Bxc5 6. b4 Bb6 7. Nf3 Nc6 8. Bb2 Nh6 9. Bd3 Ne7 10. Nbd2 Nef5 11. c4 dxc4 12. Nxc4 0-0 13. Nxb6 Qxb6 14. 0-0 Rd8 15. Qe2 Bd7 16. Rfd1 Ba4 17. Rd2 Rac8 18. Re1 a6 19. Bb1 Bb5 20. Rxd8+ Rxd8 21. Qe4 Bc6 22. Qf4 Qb5 23. h3 a5 24. Bc3 Qa4 25. Qg5 Rd7 26. bxa5 Qb3 27. Qc1 Bxf3 28. gxf3 Rc7 29. Qd1 Qxd1 30. Rxd1 f6 31. Bb2 Nh4 32. exf6 Nxf3+ 33. Kf1 gxf6 34. Bxf6 Kf7 35. Bd8 Rc3 36. Be4 Rxa3 37. Bxb7 Nf5 38. a6 Ne5 39. Bb6 1-0

[Event "Olympiad-42"]
[Site "Baku"]
[Date "2016.09.12"]
[Round "10.2"]
[White "Pinal, Nelson Borges"]
[Black "Wastney, Scott C"]
[Result "0-1"]
[WhiteElo "2320"]
[BlackElo "2312"]
[PlyCount "64"]
[EventDate "2016.09.02"]
[EventType "team-swiss"]
[EventRounds "11"]
[EventCountry "AZE"]
[SourceTitle "CBM 175"]
[Source "ChessBase"]
[SourceDate "2016.11.10"]
[SourceVersion "1"]
[SourceVersionDate "2016.11.10"]
[SourceQuality "1"]
[WhiteTeam "Dominican Republic"]
[BlackTeam "New Zealand"]
[WhiteTeamCountry "DOM"]
[BlackTeamCountry "NZL"]

1. Nf3 d5 2. g3 Nf6 3. Bg2 e6 4. 0-0 Be7 5. d3 0-0 6. Nbd2 c5 7. e4 Nc6 8. Re1 b5 9. e5 Ne8 10. Nf1 a5 11. h4 b4 12. N1h2 a4 13. a3 bxa3 14. bxa3 Nc7 15. Bf4 Nb5 16. Ng5 Nbd4 17. c3 Nf5 18. Rb1 Ra6 19. Qe2 Rb6 20. Nf1 Rb3 21. Rxb3 axb3 22. Qb2 Ba6 23. c4 Ncd4 24. cxd5 exd5 25. Rd1 c4 26. dxc4 dxc4 27. Ne4 Qa5 28. Rxd4 Nxd4 29. Qxd4 Qxa3 30. Nfd2 b2 31. Nf6+ Bxf6 32. exf6 Qa1+ 0-1

[Event "Olympiad-42"]
[Site "Baku"]
[Date "2016.09.11"]
[Round "9.2"]
[White "Wastney, Scott C"]
[Black "Berend, Fred"]
[Result "0-1"]
[WhiteElo "2312"]
[BlackElo "2328"]
[PlyCount "144"]
[EventDate "2016.09.02"]
[EventType "team-swiss"]
[EventRounds "11"]
[EventCountry "AZE"]
[SourceTitle "CBM 175"]
[Source "ChessBase"]
[SourceDate "2016.11.10"]
[SourceVersion "1"]
[SourceVersionDate "2016.11.10"]
[SourceQuality "1"]
[WhiteTeam "New Zealand"]
[BlackTeam "Luxembourg"]
[WhiteTeamCountry "NZL"]
[BlackTeamCountry "LUX"]

1. e4 c5 2. Nf3 e6 3. d4 cxd4 4. Nxd4 Nc6 5. Nc3 d6 6. Be2 Nf6 7. 0-0 Be7 8. Be3 0-0 9. f4 Bd7 10. Kh1 a6 11. a4 Rc8 12. Nb3 Na5 13. e5 Ne8 14. Nxa5 Qxa5 15. Ne4 d5 16. Ng3 g6 17. Bd3 Ng7 18. Bd4 Qd8 19. Qe2 h5 20. Qd2 Kh7 21. Ne2 Rh8 22. Ng1 h4 23. Nf3 Kg8 24. Bc3 Nh5 25. Kg1 Ng7 26. Bd4 Rh5 27. Bf2 Nf5 28. Nd4 Qe8 29. b3 Qf8 30. Qe2 Rh8 31. Qg4 Bc5 32. Nxf5 exf5 33. Qf3 Be6 34. h3 Kg7 35. Rad1 Rc7 36. Kh1 Bxf2 37. Qxf2 Qb4 38. Rd2 Rc3 39. Rfd1 Qe7 40. Qd4 Rhc8 41. Qf2 R8c7 42. Kh2 Kf8 43. Kh1 Rc8 44. Kh2 Kg7 45. Kh1 Kh6 46. Kh2 Kh7 47. Kh1 Kg7 48. Kh2 R3c7 49. Kh1 Rc6 50. Kh2 Rc5 51. Kh1 R8c6 52. Kh2 Rb6 53. Bf1 Rb4 54. Rd4 Rxd4 55. Rxd4 Rc3 56. Rd2 g5 57. fxg5 Qxg5 58. Rd3 Rxd3 59. Bxd3 f4 60. Kh1 Qg3 61. Qe2 Kh6 62. a5 Kg5 63. b4 Qe3 64. Qf1 d4 65. Be2 Bd5 66. Bg4 Qxe5 67. Bf3 Bxf3 68. gxf3 Kh5 69. Qg1 f5 70. Qg8 Qe1+ 71. Kg2 Qg3+ 72. Qxg3 fxg3 0-1

[Event "Olympiad-42"]
[Site "Baku"]
[Date "2016.09.09"]
[Round "7.2"]
[White "Cawdery, Daniel"]
[Black "Wastney, Scott C"]
[Result "1/2-1/2"]
[WhiteElo "2416"]
[BlackElo "2312"]
[PlyCount "108"]
[EventDate "2016.09.02"]
[EventType "team-swiss"]
[EventRounds "11"]
[EventCountry "AZE"]
[SourceTitle "CBM 175"]
[Source "ChessBase"]
[SourceDate "2016.11.10"]
[SourceVersion "1"]
[SourceVersionDate "2016.11.10"]
[SourceQuality "1"]
[WhiteTeam "South Africa"]
[BlackTeam "New Zealand"]
[WhiteTeamCountry "RSA"]
[BlackTeamCountry "NZL"]

1. e4 e5 2. Nf3 Nc6 3. Bc4 Nf6 4. Ng5 d5 5. exd5 Na5 6. Bb5+ c6 7. dxc6 bxc6 8. Bd3 Ng4 9. Ne4 f5 10. Be2 h5 11. h3 fxe4 12. hxg4 Bc5 13. b4 Qd4 14. bxc5 0-0 15. 0-0 Qxa1 16. Nc3 e3 17. gxh5 exf2+ 18. Rxf2 Rxf2 19. Kxf2 Be6 20. Ba3 Qxd1 21. Bxd1 Rf8+ 22. Kg3 g6 23. d3 gxh5 24. Bxh5 Nb7 25. Bf3 Rc8 26. Bb4 Nd8 27. a3 Nf7 28. Ne4 Kg7 29. Bc3 Kg6 30. Nd6 Nxd6 31. cxd6 Kf6 32. d4 Bf5 33. dxe5+ Ke6 34. Kf4 c5 35. Be2 Rf8 36. Bc4+ Kd7 37. Bb5+ Kc8 38. Ke3 Rg8 39. Bc6 Bd7 40. Bf3 Be6 41. Be1 Kd7 42. Bf2 Rb8 43. Kd2 Rb5 44. Be2 Ra5 45. Kc3 Rxa3+ 46. Kb2 Ra2+ 47. Kb1 Ra3 48. Bxc5 Rg3 49. Bf3 Bh3 50. Bd5 Be6 51. Be4 Rg5 52. Bxa7 Rxe5 53. Bd3 Rg5 54. Be3 Rxg2 1/2-1/2

[Event "George Trundle Masters"]
[Site "Auckland"]
[Date "2016.07.16"]
[Round "8"]
[White "Solomon, Stephen J"]
[Black "Wastney, Scott C"]
[Result "1-0"]
[WhiteElo "2367"]
[BlackElo "2370"]
[PlyCount "95"]
[EventDate "2016.07.09"]
[EventType "tourn"]
[EventRounds "9"]
[EventCountry "NZL"]
[EventCategory "3"]
[SourceTitle "EXT 2018"]
[Source "ChessBase"]
[SourceDate "2017.10.13"]
[SourceVersion "1"]
[SourceVersionDate "2017.10.13"]
[SourceQuality "1"]

1. e4 e5 2. Nf3 Nc6 3. Bb5 a6 4. Ba4 Nf6 5. 0-0 Be7 6. Re1 b5 7. Bb3 0-0 8. a4 b4 9. d3 Bc5 10. a5 d6 11. Be3 Bxe3 12. fxe3 Be6 13. Bxe6 fxe6 14. Nbd2 Rb8 15. c4 bxc3 16. bxc3 Rb5 17. c4 Rxa5 18. Rxa5 Nxa5 19. Qa4 Nb7 20. d4 Qa8 21. Qc6 exd4 22. exd4 Qc8 23. Qxa6 Qa8 24. Qc6 Qc8 25. Qa6 Qa8 26. Ra1 Qxa6 27. Rxa6 Rc8 28. Ra7 Nd8 29. e5 Ne8 30. Ne4 Nc6 31. Ra6 Nb4 32. Ra4 Nc6 33. Neg5 Nd8 34. Ra6 h6 35. Ne4 Nf7 36. h4 Kf8 37. h5 Ke7 38. Kh2 Kd7 39. Nh4 Nd8 40. Ng6 Rb8 41. c5 Rb4 42. cxd6 cxd6 43. exd6 Nf6 44. Nc5+ Ke8 45. Ra7 Nc6 46. Rc7 Nxh5 47. Rxc6 Rxd4 48. Rc7 1-0

[Event "Wellington CC Autumn Cup-A"]
[Site "Wellington"]
[Date "2016.05.12"]
[Round "4"]
[White "Wastney, Scott C"]
[Black "Ker, Anthony F"]
[Result "0-1"]
[WhiteElo "2448"]
[BlackElo "2415"]
[PlyCount "50"]
[EventDate "2016.04.21"]
[EventType "tourn"]
[EventRounds "5"]
[EventCountry "NZL"]
[EventCategory "4"]
[SourceTitle "EXT 2018"]
[Source "ChessBase"]
[SourceDate "2017.10.13"]
[SourceVersion "1"]
[SourceVersionDate "2017.10.13"]
[SourceQuality "1"]

1. e4 d6 2. d4 Nf6 3. Nc3 g6 4. f4 Bg7 5. Nf3 c5 6. Be2 cxd4 7. Nxd4 0-0 8. 0-0 Nc6 9. Be3 Bd7 10. Nb3 Rc8 11. Kh1 a6 12. a4 Be6 13. Bf3 Na5 14. e5 Ne8 15. Nxa5 Qxa5 16. Bxb7 Rb8 17. Qf3 dxe5 18. Ba7 e4 19. Bxe4 Rxb2 20. Ra3 Nd6 21. Nd1 Nxe4 22. Qxe4 Rb1 23. c3 Bf5 24. Qxe7 Rd8 25. Bd4 Bf8 0-1

[Event "Wellington CC Autumn Cup-A"]
[Site "Wellington"]
[Date "2016.04.21"]
[Round "1"]
[White "Wastney, Scott C"]
[Black "Thomas, Benjamin"]
[Result "1-0"]
[WhiteElo "2448"]
[BlackElo "2203"]
[PlyCount "27"]
[EventDate "2016.04.21"]
[EventType "tourn"]
[EventRounds "5"]
[EventCountry "NZL"]
[EventCategory "4"]
[SourceTitle "EXT 2018"]
[Source "ChessBase"]
[SourceDate "2017.10.13"]
[SourceVersion "1"]
[SourceVersionDate "2017.10.13"]
[SourceQuality "1"]

1. e4 d5 2. exd5 Qxd5 3. Nc3 Qd6 4. d4 Nf6 5. Nf3 a6 6. Bd3 Nc6 7. 0-0 Bg4 8. Ne4 Nxe4 9. Bxe4 0-0-0 10. c3 Be6 11. Ng5 Bc4 12. Bd3 Qd5 13. Bxc4 Qxc4 14. Qb3 1-0

[Event "Wellington op"]
[Site "Wellington"]
[Date "2016.03.27"]
[Round "6"]
[White "Croad, Nicholas"]
[Black "Wastney, Scott C"]
[Result "1/2-1/2"]
[WhiteElo "2312"]
[BlackElo "2348"]
[PlyCount "22"]
[EventDate "2016.03.25"]
[EventType "swiss"]
[EventRounds "6"]
[EventCountry "NZL"]
[SourceTitle "EXT 2018"]
[Source "ChessBase"]
[SourceDate "2017.10.13"]
[SourceVersion "1"]
[SourceVersionDate "2017.10.13"]
[SourceQuality "1"]

1. e4 e5 2. Nf3 Nc6 3. Bb5 Nd4 4. Bc4 Nf6 5. Nxd4 exd4 6. e5 d5 7. Bb5+ Nd7 8. 0-0 c6 9. Bd3 Nxe5 10. Re1 Qf6 11. Be2 Be7 1/2-1/2

[Event "Wellington CC Summer Cup"]
[Site "Wellington"]
[Date "2016.03.16"]
[Round "8"]
[White "Wastney, Scott C"]
[Black "Dive, Russell John"]
[Result "1/2-1/2"]
[WhiteElo "2434"]
[BlackElo "2441"]
[PlyCount "56"]
[EventDate "2016.01.21"]
[EventType "swiss"]
[EventRounds "8"]
[EventCountry "NZL"]
[SourceTitle "EXT 2018"]
[Source "ChessBase"]
[SourceDate "2017.10.13"]
[SourceVersion "1"]
[SourceVersionDate "2017.10.13"]
[SourceQuality "1"]

1. e4 c6 2. d4 d5 3. Nd2 dxe4 4. Nxe4 Nd7 5. Nf3 Ngf6 6. Nxf6+ Nxf6 7. c3 Bg4 8. h3 Bh5 9. g4 Bg6 10. Ne5 Nd7 11. Nxg6 hxg6 12. d5 Qc7 13. Bg2 cxd5 14. Qxd5 Rb8 15. Qd4 e6 16. Be3 b6 17. Bf4 e5 18. 0-0-0 exf4 19. Rhe1+ Kd8 20. Re2 f3 21. Bxf3 Bc5 22. Qd3 Re8 23. Red2 Re7 24. Qb5 Rc8 25. Kb1 a5 26. b4 axb4 27. cxb4 Bd4 28. Rxd4 Qc2+ 1/2-1/2

[Event "Wellington CC Summer Cup"]
[Site "Wellington"]
[Date "2016.03.10"]
[Round "7"]
[White "Kulkarni, Yogesh"]
[Black "Wastney, Scott C"]
[Result "0-1"]
[WhiteElo "1430"]
[BlackElo "2434"]
[PlyCount "68"]
[EventDate "2016.01.21"]
[EventType "swiss"]
[EventRounds "8"]
[EventCountry "NZL"]
[SourceTitle "EXT 2018"]
[Source "ChessBase"]
[SourceDate "2017.10.13"]
[SourceVersion "1"]
[SourceVersionDate "2017.10.13"]
[SourceQuality "1"]

1. c4 e6 2. d4 Nf6 3. Nc3 Bb4 4. Qc2 d5 5. cxd5 exd5 6. Bg5 h6 7. Bxf6 Qxf6 8. e3 Bf5 9. Qb3 Nc6 10. Nf3 0-0 11. Be2 Rfd8 12. 0-0 Qe6 13. Rac1 Rab8 14. Nb5 Ba5 15. Qa4 Bb6 16. Nc3 Ne7 17. Ne5 c6 18. b4 a6 19. Qb3 Bc7 20. Nf3 Qd6 21. h3 Ng6 22. g4 Be4 23. Ne5 Nxe5 24. dxe5 Qxe5 25. f4 Qe7 26. Nxe4 Qxe4 27. Bf3 Qe7 28. a4 d4 29. exd4 Rxd4 30. b5 axb5 31. axb5 Bxf4 32. bxc6 bxc6 33. Qc2 Qe3+ 34. Kh1 Rd2 0-1

[Event "Wellington CC Summer Cup"]
[Site "Wellington"]
[Date "2016.01.28"]
[Round "2"]
[White "Rossiter, Philip E"]
[Black "Wastney, Scott C"]
[Result "0-1"]
[WhiteElo "1888"]
[BlackElo "2434"]
[PlyCount "84"]
[EventDate "2016.01.21"]
[EventType "swiss"]
[EventRounds "8"]
[EventCountry "NZL"]
[SourceTitle "EXT 2018"]
[Source "ChessBase"]
[SourceDate "2017.10.13"]
[SourceVersion "1"]
[SourceVersionDate "2017.10.13"]
[SourceQuality "1"]

1. Nf3 d5 2. d4 Nf6 3. Bg5 Nbd7 4. e3 e6 5. Bd3 Be7 6. Nbd2 0-0 7. 0-0 b6 8. c4 Bb7 9. Rc1 c5 10. cxd5 Nxd5 11. Bxe7 Qxe7 12. Re1 Rfd8 13. a3 Rac8 14. Qe2 cxd4 15. Nxd4 Nc5 16. Bc4 Nf4 17. exf4 Rxd4 18. g3 Rcd8 19. Nf1 Qd6 20. Rc3 g6 21. f3 a5 22. Re3 a4 23. Re5 Bxf3 24. Qxf3 Rxc4 25. Ne3 Rd4 26. Nc2 Rd2 27. R5e2 Nb3 28. Qf2 Qc5 29. Qxc5 Nxc5 30. Ne3 R2d4 31. Nc2 Rd1 32. Rxd1 Rxd1+ 33. Kg2 Kf8 34. Ne3 Rc1 35. Kf3 Nb3 36. Kf2 h5 37. Nc2 Ke7 38. Nb4 Rd1 39. Rc2 Rd2+ 40. Rxd2 Nxd2 41. Ke2 Nc4 42. Nd3 Kd6 0-1

[Event "Wellington CC Summer Cup"]
[Site "Wellington"]
[Date "2016.01.21"]
[Round "1"]
[White "Wastney, Scott C"]
[Black "Asplet, Mike"]
[Result "1-0"]
[WhiteElo "2434"]
[BlackElo "1530"]
[PlyCount "31"]
[EventDate "2016.01.21"]
[EventType "swiss"]
[EventRounds "8"]
[EventCountry "NZL"]
[SourceTitle "EXT 2018"]
[Source "ChessBase"]
[SourceDate "2017.10.13"]
[SourceVersion "1"]
[SourceVersionDate "2017.10.13"]
[SourceQuality "1"]

1. e4 e5 2. Nf3 Nc6 3. Bb5 a6 4. Ba4 Nf6 5. 0-0 b5 6. Bb3 Be7 7. d4 exd4 8. e5 Ng4 9. Re1 0-0 10. h3 Nh6 11. Bxh6 gxh6 12. Nxd4 Bb7 13. Nf5 Bg5 14. Qg4 Kh8 15. h4 Bxh4 16. Qg7# 1-0

[Event "NZL-ch op 123rd"]
[Site "Auckland"]
[Date "2016.01.10"]
[Round "9"]
[White "Wastney, Scott C"]
[Black "Ma, Qun"]
[Result "0-1"]
[WhiteElo "2345"]
[BlackElo "2606"]
[PlyCount "56"]
[EventDate "2016.01.02"]
[EventType "swiss"]
[EventRounds "9"]
[EventCountry "NZL"]
[SourceTitle "CBM 170 Extra"]
[Source "ChessBase"]
[SourceDate "2016.02.25"]
[SourceVersion "1"]
[SourceVersionDate "2016.02.25"]
[SourceQuality "1"]

1. e4 c5 2. Nf3 d6 3. d4 cxd4 4. Nxd4 Nf6 5. Nc3 Nc6 6. Bg5 e6 7. Qd2 a6 8. 0-0-0 Bd7 9. Be2 h6 10. Bh4 Rc8 11. Bg3 b5 12. a3 b4 13. axb4 Nxb4 14. Bf3 e5 15. Nde2 Qa5 16. Kb1 Be7 17. b3 Rc5 18. Kb2 Qc7 19. Rc1 a5 20. Na2 Nxa2 21. Kxa2 Be6 22. Kb2 0-0 23. Ra1 Rc8 24. Rhc1 Nd7 25. h4 Nb6 26. Kb1 Rb5 27. Ra2 a4 28. Rb2 Qb7 0-1